Fichas de Iniciativas FIA, Año 2009

Saved in:
Bibliografiske detaljer
Corporate Authors: Fundación para la Innovación Agraria, FIA
Format: Bog
Sprog:spansk
Udgivet: Santiago Fundación para la Innovación Agraria FIA 2009
Fag:
Tags: Tilføj Tag
Ingen Tags, Vær først til at tagge denne postø!

MARC

LEADER 00000cam a2200000 a 4500
001 UCE0636
003 CL-VaPUC
005 20220325074322.0
008 140124e20090000cl |||||||||||||||||spa|d
999 |c 354698  |d 354696 
040 |c Pontificia Universidad Católica de Valparaíso 
082 0 4 |a 658.404 FUN 2009  |2 21 
110 2 |a Fundación para la Innovación Agraria  |9 573000 
245 1 0 |a Fichas de Iniciativas FIA, Año 2009 
246 1 0 |a Desarrollo conjunto de un método de mejoramiento de las propiedades físico-químicas del suelo y una estrategia sustentable de secuestramiento de CO2 atmosférico por medio del concepto de Terra-Preta-Biochar, Región Arica y Parinacota. 
246 1 0 |a Servicio de diagnóstico y control de la fertilización en arándanos cultivados en suelos volcánicos del sur de Chile, Región Los Lagos, Los Ríos. 
246 1 0 |a Diseño y evaluación de un sistema de control biológico de Melophagus ovinus, L, en Patagonia. Región de Magallanes y de la Antártica Chilena, Metropolitana de Santiago. 
246 1 0 |a Diversificación de la cadena apícola, a través de la valorización de pólenes apícolas producidos en Chile y la Evaluación de sus propiedades biológicas específicas. Región Valparaíso, Metropolitana de Santiago, Libertador General Bernardo O'Higgins, Maule, Bío Bío, Araucanía, Los Lagos. 
246 1 0 |a Utilización de herramientas biotecnológicas para la producción clonal de nogales. Región de ejecución, Maule. 
246 1 0 |a Plataforma de articulación de nstrumentos para el mejormaiento de la producción y comercialización de artesanía textil en la comuna de Puerto Saavedra. Región de ejecución, Araucanía. 
246 1 0 |a Diseño de un modelo de producción de carne natural para aves y cerdos, aplicable para productores de la agricultura familiar campesina de la provincia de Linares. región de ejecución, Maule. 
246 1 0 |a Cadena de valor integrada para el desarrollo y posicionamiento de una oferta de alimentos diferenciados y saludables, de origen mapuche, en mercados gourmet. Región de ejecución Araucanía. 
246 1 0 |a Técnicas de inteligencia rtificial para el uso eficiente del agua y fertilizantes en plantaciones de arándanos, utilizando redes de sensores inalámbricos. Región de ejecución Bío Bío. 
246 1 0 |a Desarrollo e implementación de una plataforma de internet móvil para la generación de servicios de información y alerta temprana en el cultivo de papa como uno de los negocios tecnológicos del consorcio Papa-Chile S.A., Región de ejecución Bío Bío, Araucanía, Los Ríos, Los Lagos. 
246 1 0 |a Inserción de los pequeños agricultores en la sociedad de la información, región de ejecución Valparaíso, Libertador General Bernardo O'Higgins, Metropolitana de Santiago. 
246 1 0 |a Innovación aplicada a un sistema de transferencia y gestión de la información según los momentos críticos de los ciclos productivos de usuarios de CEGE Araucanía, región de ejecución Araucanía. 
246 1 0 |a Reconversión del sector porcino, región ejecución Libertador General Bernardo O'Higgins, Maule, Bío Bío, Araucanía, Metropolitana de Santiago. 
246 1 0 |a Evaluación técnica y económica de vino espumante a partir de cepas tradicionales en la VII región, región ejecución Maule. 
246 1 0 |a Desarrollar estrategias de marketing que permitan posicionar la línea de productos artesanales elaborados por chocolates Nougat en el mercado nacional, región ejecución Los Lagos. 
246 1 0 |a Fontevita, región ejecución Valparaíso. 
246 1 0 |a Plan de marketing para frutos de Elqui, localidad Pisco Elqui, región ejecución Coquimbo. 
246 1 0 |a Desarrollo de plan de marketing para fábrica de condimentos Valle Rojo, región ejecución Coquimbo. 
246 1 0 |a Salud y dietética Gourmet, región ejecución Araucanía. 
246 1 0 |a Programa de innovación territorial de la cadena productiva del pisco, para el mejoramiento de la competitividad y posicionamiento en el mercado internacional, región ejecución Atacama, Coquimbo. 
246 1 0 |a Formalización de un sistema de aseguramiento metrológico como soporte a la evaluación de la conformidad en el área de la producción de alimentos, la Red Nacional de Metrología como infraestructura habiltante, región ejecución Tarapacá, Bío Bío, Metropolitana de Santiago. 
246 1 0 |a Rescate de variedades antiguas de frutales con fines científicos y económicos para apoyar el desarrollo de la AFC en la localidad de Caleu comuna de Tiltil, Región Metropolitana. 
246 1 0 |a Cartografía digital del viñedo chileno en la Región del Maule. 
246 1 0 |a Fortalecimiento de la competitividad del kiwi chileno, región ejecución Libertador General Bernardo O'Higgins, Maule, Metropolitana de Santiago. 
246 1 0 |a Evaluación técnica y económica de vino espumante a partir de cepas cv. País y Moscatel rosada en la VII y VII región, segunda etapa. 
246 1 0 |a Implementación del programa de conectividad rural y servicios de información para la innovación en el territorio rural que abarca el centro de gestión empresarial Maule Sur. 
246 1 0 |a Implementación del programa de conectividad rural y servicios de información para la innovación en el territorio rural que abarca el centro de gestión empresarial de Ñuble S.A. 
246 1 0 |a Determinación de los parámetros agronómicos para mejorar el calibre en Ciruelo Europeo, región ejecución Libertador General Bernardo O'Higgins. 
246 1 0 |a Implementación escuela rural de informática y ciudadanía en la cooperativa campesina inetrcomunal de Coopeumo. 
246 1 0 |a Diseño e implementación de una red de estaciones meteorológicas automáticas, EMAs en la región de Antofagasta. 
246 1 0 |a Diseño e implementación de buenas prácticas agrícolas en cultivos hortícolas para la región de Antofagasta. 
260 |a Santiago  |b Fundación para la Innovación Agraria FIA  |c 2009 
300 |a paginación irregular 
500 |a Código de iniciativa PYT 2009-0072 al PYT 2009-0637 
583 |a last modification  |c 20160301 01:30:11  |k Rodrigo Vera 
650 7 |a PROYECTOS DE DESARROLLO ECONOMICO  |2 CL-VaPUC  |9 260795 
650 0 |a Agricultura  |9 255598 
650 0 |a Ganadería  |9 264177 
650 0 |a Proyectos de inversión   |9 261065 
650 0 |a Evaluación de proyectos   |9 259341 
710 2 |a FIA  |9 573001 
942 |c BK  |2 ddc 
945 |d 20140124 15:34:00  |a dcastane 
952 |0 0  |1 0  |2 ddc  |3 erb  |4 0  |6 658_404000000000000_FUN_2009  |7 0  |8 A  |9 460688  |a BIBAGR  |b BIBAGR  |i 500716K  |o 658.404 FUN 2009  |p 500716K  |r 2025-01-20  |t 1  |w 2019-11-23  |y BK  |z Catalogado en:20160124  |k AGR